The Bumper Book of Questions And Answers
| Format: | Book |
|---|---|
| Published: |
Great Britain :
Cliveden Press ,
1989
|
| Subjects: |
MARC
| LEADER | 00000cam a2200000 7i4500 | ||
|---|---|---|---|
| 001 | 0000007741 | ||
| 002 | 000008311 | ||
| 005 | 20000330.0 | ||
| 020 | |a 0723516758 | ||
| 090 | 0 | 0 | |a J 793.7 |b BUM |
| 245 | 0 | 4 | |a The Bumper Book of Questions And Answers |
| 260 | |a Great Britain : |b Cliveden Press , |c 1989 | ||
| 300 | |a 190 p. : |b ill. ; |c 27 cm. | ||
| 650 | 0 | 0 | |a Questions and answers |x Juvenile literature |
| 999 | |a 021190 |b BUKU |c PINJAMAN |e PERPUSTAKAAN KOMUNITI PETALING JAYA | ||
| 999 | |a 021191 |b BUKU |c PINJAMAN |e PERPUSTAKAAN KOMUNITI PETALING JAYA | ||